| 000 | 00476nam a22001577a 4500 | ||
|---|---|---|---|
| 999 |
_c177738 _d177738 |
||
| 010 | _aB-168043 | ||
| 020 |
_a8186623736 _c1000.00 |
||
| 035 | _aB-168043 | ||
| 082 | _a615.321 | ||
| 100 | _aPanda, H. | ||
| 245 |
_aHand Book on Herbal Drugs and its Plant Sources / _cH. Panda |
||
| 260 |
_aDelhi _bNational Institute of Industrial Research |
||
| 270 | _a106-E, Kamla Nagar, Delhi-110007 | ||
| 300 |
_a565p. _b21cm. (HB) |
||
| 942 |
_2ddc _cEN _h615.321 _mPAN |
||